00703nam a2200217 a 450000100060000000300080000600500170001400800410003103500200007204000260009204100080011808200310012610000260015724500730018325000150025626000520027130000280032365000270035170000240037871000830040249677BD-RjUL20211209054719.0160822s1971 ii 000 0 eng  a(BD-RjUL) 49797 aDLCcDLCdBD-RjUbeng aeng00a346.04360954223bMIT 19711 aMitra, B. B.,d-1935.00aThe Transfer of property act, 1882b : act IV of 1882 /cMitra, B. B a12th ed. / aCalcutta :bDebooks : Eastern Law House,c1971. a[97], 1156 p. ;c25 cm. 0aTransfer (Law)zIndia.1 aSen, Asoke Chandra.12aIndia (Republic).kLaws, statutes, etc.tTransfer of property act, 1882. 1978.